000 00789nam a2200205Ii 4500
003 JO-AjNU
008 230605s9999||||xx |||||||||||||| ||und||
040 _aJO-AjNU
_bara
_erda
_cJO-AjNU
041 _aara
050 1 4 _aPJ7750 1900
100 3 _aتالسف درويش، كامل / م.مشارك طانيوس منعم,
_eauthor
_910264
245 0 0 _aالنصوص الأدبية وفقا للمنهاج الرسمي الجديد: دراسة وتحليلا ونقدا
264 3 1 _aبيروت: منشورات المكتبة العصرية، 1900
300 _a87ص
336 _atext
_btxt
_2rdacontent
337 _aunmediated
_bn
_2rdamedia
338 _avolume
_bnc
_2rdacarrier
490 0 _aفنون واعلام 1
650 4 _aالنصوص الادبية- منهاج جديد
_910265
999 _aA1718
_c5286
_d5286